000 00461nam a22001697a 4500
999 _c478342
_d478342
003 NUST
005 20180522060040.0
008 180522b ||||| |||| 00| 0 eng d
020 _a9780073049861
082 _a547
100 _aJanice Gorzynski Smith
_910434
245 _aOrganic Chemistry
_cJanice Gorzynski Smith
250 _a2nd ed.
260 _aNew Delhi
_bMc Graw Hill Higher Education
_c2008
300 _a1175+72 aprox p.
_bHb.
942 _2ddc
_cBK